[Event "Mahilong Birla Memorial 23 rd"]
[Site "Mahilong"]
[Date "2024.07.21"]
[Round "3"]
[White "Praphul, Kumar Tiwari"]
[Black "Aseem, Bihari Sharan"]
[Result "0-1"]
[WhiteElo "1554"]
[BlackElo "1822"]
[PlyCount "82"]
[EventDate "2024.07.20"]
[EventType "swiss"]
[EventRounds "9"]
[EventCountry "IND"]
[SourceTitle "EXT 2025"]
[Source "ChessBase"]
[SourceDate "2024.10.14"]
[SourceVersion "1"]
[SourceVersionDate "2024.10.14"]
[SourceQuality "1"]

1. c4 Nf6 2. Nc3 e5 3. e4 Bc5 4. h3 a6 5. g3 Nc6 6. Bg2 d6 7. Nge2 0-0 8. 0-0 Nd4 9. d3 c6 10. Nxd4 Bxd4 11. Ne2 Ba7 12. Kh2 b5 13. b3 a5 14. f4 Nd7 15. fxe5 dxe5 16. d4 exd4 17. Nxd4 Ne5 18. Bb2 bxc4 19. Nf5 Qc7 20. bxc4 Rb8 21. Bxe5 Qxe5 22. Rb1 g6 23. Nh6+ Kg7 24. Ng4 Bxg4 25. Qxg4 Rb2 26. Rxb2 Qxb2 27. Qd7 Bd4 28. Qxc6 Qxa2 29. h4 Be5 30. Qd5 f6 31. c5 Qa3 32. Rf3 Qc1 33. c6 a4 34. Bf1 Rb8 35. Qc4 Rb2+ 36. Kh3 Qd2 37. Be2 Qxe2 38. Qxe2 Rxe2 39. Rd3 Rc2 40. Rd7+ Kh6 41. g4 Rh2# 0-1